Top 25 Highest Grossing Paramount Pictures Movies - Statistics

General Stats
  • This quiz has been taken 18 times
  • The average score is 3 of 25
Answer Stats
# Movie % Correct
1 Titanic
75%
6 Transformers
38%
19 Ghost
25%
4 Forrest Gump
19%
10 Top Gun: Maverick
19%
13 Transformers: Age of Extinction
19%
3 Transformers: Dark of the Moon
19%
2 Transformers: Revenge of the Fallen
19%
11 Star Trek
13%
15 Beverly Hills Cop
6%
22 Kung Fu Panda
6%
21 Madagascar 3: Europe's Most Wanted
6%
18 Mission Impossible: Fallout
6%
24 Mission Impossible: Ghost Protocol
6%
14 Shrek: Forever After
6%
5 Shrek the Third
6%
25 World War Z
6%
20 How to Train Your Dragon
0%
8 Indiana Jones and the Kingdom of the Crystal Skull
0%
12 Indiana Jones and the Raiders of the Lost Ark
0%
7 Iron Man
0%
9 Iron Man 2
0%
23 Mission Impossible II
0%
17 Star Trek: Into Darkness
0%
16 War of the Worlds
0%
No matching quizzes found
Score Distribution
Percent of People with Each Score
Percentile by Number Answered
Your Score History
You have not taken this quiz